000 01094naa a22003017a 4500
001 BR6900197
003 BR-BrBNA
005 20240918173343.0
007 ta
008 230509b bl.||||| |||| 00| 0 por d
040 _aBR-BrBNA
_bpor
_cBiblioteca Nacional de Agricultura
041 _a(Pt)
072 _aH10
090 _aH10 BR6900197
100 1 _aGiannotti, O.
100 1 _aHolzhacker, E.L.
100 1 _aNogueira, G.
111 1 _a2. Reuniao Anual da Sociedade Brasileira de Entomologia
_cRecife, PE (Brazil)
_d1 Dec 1969
245 1 _aSubstancias liberadas pelo sistema nervoso central da Periplanteta americana, L.
260 3 _aRecife, PE (Brasil):
_c1969.
500 _aResumos da 2. Reuniao Anual da Sociedade Brasileira de Entomologia Recife, PE (Brasil): 1969. p. 69-70 (BR6900197-AM)H10
650 _aPraga de planta
650 _aBarata
650 _aBiologia
773 0 _tResumos da 2. Reuniao Anual da Sociedade Brasileira de Entomologia
_wH10 BR6900197
_gRecife, PE (Brasil), 1969. p. 69-70
909 _a202404
_bLucia
_c55
_dLucia Elande
942 _cAM
_2AGRIS
999 _c304133
_d304133